[Event "LSS No Engine Cup 202 Preliminary 0"]
[Site "LSS email"]
[Date "2020.04.04"]
[Round "?"]
[White "Etchepareborda, Juan"]
[Black "Nemeth, Laszlo"]
[Result "1-0"]
[WhiteElo "1457"]
[BlackElo "1664"]
[PlyCount "33"]
[EventDate "2020.04.04"]
[EventType "tourn (corr)"]
[EventRounds "6"]
[EventCountry "GER"]
[SourceTitle "Corr 2022"]
[Source "ChessBase"]
[SourceDate "2021.10.24"]
[SourceVersion "1"]
[SourceVersionDate "2021.10.24"]
[SourceQuality "1"]

1. c4 g6 2. Nc3 Bg7 3. g3 Nf6 4. Bg2 0-0 5. Nf3 d6 6. 0-0 Nc6 7. d4 Bg4 8. b3 Bxf3 9. Bxf3 Qd7 10. Bg5 Rae8 11. e3 Nb4 12. Qd2 c6 13. Bxf6 exf6 14. Ne2 d5 15. Qxb4 Rb8 16. cxd5 cxd5 17. Nf4 1-0

[Event "LSS No Engine Cup 202 Preliminary 0"]
[Site "LSS email"]
[Date "2020.04.04"]
[Round "?"]
[White "Schleef, Harald"]
[Black "Nemeth, Laszlo"]
[Result "1-0"]
[WhiteElo "1959"]
[BlackElo "1664"]
[PlyCount "31"]
[EventDate "2020.04.04"]
[EventType "tourn (corr)"]
[EventRounds "6"]
[EventCountry "GER"]
[SourceTitle "Corr 2022"]
[Source "ChessBase"]
[SourceDate "2021.10.24"]
[SourceVersion "1"]
[SourceVersionDate "2021.10.24"]
[SourceQuality "1"]

1. d4 g6 2. e4 Bg7 3. Nc3 e5 4. dxe5 Bxe5 5. Nf3 Bxc3+ 6. bxc3 d6 7. Bc4 Be6 8. Bxe6 fxe6 9. e5 d5 10. Rb1 b6 11. 0-0 Nc6 12. c4 dxc4 13. Qe2 Na5 14. Ng5 h6 15. Nxe6 Qe7 16. Qe4 1-0

[Event "RD-2020-0-00161"]
[Site "LSS email"]
[Date "2020.03.17"]
[Round "?"]
[White "Nemeth, Laszlo"]
[Black "Varas, Pablo"]
[Result "0-1"]
[WhiteElo "1555"]
[BlackElo "1364"]
[PlyCount "22"]
[EventDate "2019.10.05"]
[EventType "tourn (corr)"]
[EventRounds "6"]
[EventCountry "GER"]
[SourceTitle "Corr 2022"]
[Source "ChessBase"]
[SourceDate "2021.10.24"]
[SourceVersion "1"]
[SourceVersionDate "2021.10.24"]
[SourceQuality "1"]

1. d4 d5 2. c4 c6 3. Nc3 e6 4. a3 dxc4 5. e4 b5 6. b4 a5 7. Nf3 axb4 8. Ne2 Nf6 9. Bg5 Rxa3 10. e5 h6 11. Bxf6 Qa5 0-1

[Event "RD-2020-0-00161"]
[Site "LSS email"]
[Date "2020.03.14"]
[Round "?"]
[White "Chester, Ian"]
[Black "Nemeth, Laszlo"]
[Result "1-0"]
[WhiteElo "1481"]
[BlackElo "1555"]
[PlyCount "45"]
[EventDate "2019.10.05"]
[EventType "tourn (corr)"]
[EventRounds "6"]
[EventCountry "GER"]
[SourceTitle "Corr 2022"]
[Source "ChessBase"]
[SourceDate "2021.10.24"]
[SourceVersion "1"]
[SourceVersionDate "2021.10.24"]
[SourceQuality "1"]

1. d4 g6 2. c4 Bg7 3. e4 d6 4. Nc3 Nf6 5. h3 0-0 6. Nf3 e6 7. Bd3 Nbd7 8. 0-0 a6 9. e5 dxe5 10. dxe5 Ne8 11. Bg5 f6 12. exf6 Bxf6 13. Bh6 Bg7 14. Bxg7 Kxg7 15. Qe2 Ndf6 16. Rad1 Bd7 17. Rfe1 Nd6 18. Qc2 Nh5 19. Ne5 Be8 20. c5 Nf7 21. Bxg6 hxg6 22. Qxg6+ Kh8 23. Qxh5+ 1-0

[Event "ZL-2020-0-02220"]
[Site "LSS email"]
[Date "2020.02.15"]
[Round "?"]
[White "Nemeth, Laszlo"]
[Black "Gronbech, Torsten"]
[Result "1-0"]
[WhiteElo "1510"]
[BlackElo "1183"]
[PlyCount "59"]
[EventDate "2020.02.15"]
[EventType "match (corr)"]
[EventRounds "2"]
[EventCountry "GER"]
[SourceTitle "Corr 2022"]
[Source "ChessBase"]
[SourceDate "2021.10.24"]
[SourceVersion "1"]
[SourceVersionDate "2021.10.24"]
[SourceQuality "1"]

1. d4 d5 2. c4 Nf6 3. Nc3 e6 4. Bg5 Bb4 5. e3 b6 6. cxd5 Qd6 7. Bxf6 gxf6 8. Nge2 exd5 9. a3 Bxc3+ 10. bxc3 Bb7 11. g3 Qc6 12. Bg2 Nd7 13. 0-0 0-0-0 14. Nf4 Qxc3 15. Bxd5 Ba6 16. Re1 Rhf8 17. Ne2 Qb2 18. Qb1 Qxb1 19. Raxb1 f5 20. f4 f6 21. Rb3 Rde8 22. Nc3 Nb8 23. a4 c6 24. Bf3 Nd7 25. Bxc6 Bb7 26. Bb5 Rf7 27. Be2 Rxe3 28. Nb5 Rxb3 29. Nxa7+ Kb8 30. Bc4 1-0

[Event "RD-2020-0-00160"]
[Site "LSS email"]
[Date "2020.02.02"]
[Round "?"]
[White "Obrien, Glenn"]
[Black "Nemeth, Laszlo"]
[Result "1-0"]
[WhiteElo "1316"]
[BlackElo "1555"]
[PlyCount "35"]
[EventDate "2019.09.08"]
[EventType "tourn (corr)"]
[EventRounds "6"]
[EventCountry "GER"]
[SourceTitle "Corr 2022"]
[Source "ChessBase"]
[SourceDate "2021.10.24"]
[SourceVersion "1"]
[SourceVersionDate "2021.10.24"]
[SourceQuality "1"]

1. e4 e5 2. Nf3 Nc6 3. Bb5 a6 4. Ba4 b5 5. Bb3 Nf6 6. 0-0 Bc5 7. c3 0-0 8. d4 exd4 9. cxd4 Bb6 10. e5 Ne4 11. Bd5 Nxf2 12. Rxf2 Bb7 13. Kh1 d6 14. Ng5 Qe7 15. Rxf7 Rxf7 16. Bxf7+ Kh8 17. Qh5 h6 18. Qg6 1-0

[Event "RD-2020-0-00160"]
[Site "LSS email"]
[Date "2020.01.29"]
[Round "?"]
[White "Asilkefeli, Metin"]
[Black "Nemeth, Laszlo"]
[Result "1-0"]
[WhiteElo "1515"]
[BlackElo "1555"]
[PlyCount "55"]
[EventDate "2019.09.08"]
[EventType "tourn (corr)"]
[EventRounds "6"]
[EventCountry "GER"]
[SourceTitle "Corr 2022"]
[Source "ChessBase"]
[SourceDate "2021.10.24"]
[SourceVersion "1"]
[SourceVersionDate "2021.10.24"]
[SourceQuality "1"]

1. d4 g6 2. Nf3 d6 3. g3 Bg7 4. Bg2 Nf6 5. 0-0 0-0 6. c4 c6 7. Nc3 Bg4 8. Bg5 Nbd7 9. h3 Bxf3 10. Bxf3 e5 11. d5 h6 12. Bd2 c5 13. Rb1 a6 14. b4 b6 15. bxc5 bxc5 16. Qc1 Nb6 17. Bxh6 Nxc4 18. Bxg7 Kxg7 19. Na4 Na5 20. Qc3 Nd7 21. Rb2 Rb8 22. Rxb8 Qxb8 23. Qxa5 Qb7 24. Nc3 Nb6 25. Rb1 Rb8 26. Na4 Qc7 27. Rxb6 Rxb6 28. Qxb6 1-0

[Event "RD-2020-0-00160"]
[Site "LSS email"]
[Date "2020.01.29"]
[Round "?"]
[White "Nemeth, Laszlo"]
[Black "Csaba, Fodor"]
[Result "0-1"]
[WhiteElo "1555"]
[BlackElo "1488"]
[PlyCount "60"]
[EventDate "2019.09.08"]
[EventType "tourn (corr)"]
[EventRounds "6"]
[EventCountry "GER"]
[SourceTitle "Corr 2022"]
[Source "ChessBase"]
[SourceDate "2021.10.24"]
[SourceVersion "1"]
[SourceVersionDate "2021.10.24"]
[SourceQuality "1"]

1. d4 Nf6 2. c4 g6 3. Nc3 d5 4. cxd5 Nxd5 5. Bd2 Bg7 6. e4 Nxc3 7. Bxc3 0-0 8. Qd2 Nd7 9. Nf3 b6 10. Bb5 Bb7 11. Qe3 c6 12. Bd3 e6 13. 0-0 c5 14. Rfd1 Qe7 15. e5 cxd4 16. Bxd4 Bxf3 17. Qxf3 Nxe5 18. Bxe5 Bxe5 19. Rab1 Bd4 20. Be4 Rad8 21. b3 Rd6 22. Rd3 f5 23. Bc6 e5 24. Bd5+ Kg7 25. Re1 Qd8 26. Bb7 e4 27. Bxe4 fxe4 28. Qxe4 Bxf2+ 29. Kh1 Rxd3 30. Qe5+ Kh6 0-1

[Event "ZL-2020-0-02205"]
[Site "LSS email"]
[Date "2020.01.29"]
[Round "?"]
[White "Nemeth, Laszlo"]
[Black "Gronbech, Torsten"]
[Result "1-0"]
[WhiteElo "1542"]
[BlackElo "1317"]
[PlyCount "93"]
[EventDate "2020.01.23"]
[EventType "match (corr)"]
[EventRounds "2"]
[EventCountry "GER"]
[SourceTitle "Corr 2022"]
[Source "ChessBase"]
[SourceDate "2021.10.24"]
[SourceVersion "1"]
[SourceVersionDate "2021.10.24"]
[SourceQuality "1"]

1. d4 g6 2. c4 d6 3. Nc3 Bg7 4. e4 f5 5. Nf3 e5 6. d5 a6 7. Bg5 Qd7 8. Bd3 h6 9. Bd2 Nf6 10. 0-0 b6 11. a3 Bb7 12. b4 0-0 13. Nh4 Kh7 14. Ne2 fxe4 15. Bc2 g5 16. Bxe4+ Nxe4 17. Nf3 b5 18. Qc2 Qf5 19. Ra2 Nd7 20. Rd1 Ndf6 21. Be3 Ng4 22. Rf1 c6 23. h3 Nxe3 24. fxe3 Rac8 25. Nh2 Qg6 26. Rxf8 Rxf8 27. Nf3 Bc8 28. Ra1 g4 29. Nh4 Qg5 30. Qxe4+ Kg8 31. g3 gxh3 32. Nf3 Bf5 33. Nxg5 hxg5 34. Qh1 g4 35. Kh2 e4 36. Nf4 Bxa1 37. Qxa1 bxc4 38. dxc6 Rc8 39. Qf6 Rf8 40. Qxd6 c3 41. Qd5+ Rf7 42. Qc4 Kg7 43. Qxc3+ Kh6 44. Qh8+ Bh7 45. Ne6 Rf2+ 46. Kg1 Rg2+ 47. Kh1 1-0

[Event "SD-2018-0-00288"]
[Site "LSS email"]
[Date "2018.04.13"]
[Round "?"]
[White "Cole, Steve"]
[Black "Nemeth, Laszlo"]
[Result "1-0"]
[WhiteElo "1459"]
[BlackElo "1665"]
[PlyCount "77"]
[EventDate "2018.01.13"]
[EventType "tourn (corr)"]
[EventRounds "6"]
[EventCountry "GER"]
[SourceTitle "Corr 2022"]
[Source "ChessBase"]
[SourceDate "2021.10.24"]
[SourceVersion "1"]
[SourceVersionDate "2021.10.24"]
[SourceQuality "1"]

1. e4 c5 2. Nf3 Nc6 3. d4 cxd4 4. Nxd4 Nf6 5. Nc3 d5 6. exd5 Nxd5 7. Nxc6 bxc6 8. Bc4 e6 9. 0-0 Be7 10. Re1 0-0 11. Rb1 Qc7 12. Bd2 Rd8 13. Qf3 Bb7 14. Bd3 Bd6 15. Nxd5 cxd5 16. Qh3 h6 17. Qg4 Bxh2+ 18. Kh1 Be5 19. Bxh6 f5 20. Qe2 Kf7 21. Qxe5 Qxe5 22. Rxe5 Rh8 23. Kg1 Rxh6 24. Rbe1 Re8 25. Bxf5 Bc8 26. Bd3 Rf6 27. f3 Re7 28. b3 Ke8 29. c4 dxc4 30. Bxc4 Kf7 31. Kf2 g6 32. a4 Kg7 33. a5 Kh6 34. a6 g5 35. Rh1+ Kg6 36. Bd3+ Kg7 37. Rxg5+ Kf7 38. Rh7+ Ke8 39. Rg8+ 1-0

[Event "SD-2018-0-00287"]
[Site "LSS email"]
[Date "2018.04.02"]
[Round "?"]
[White "Nemeth, Laszlo"]
[Black "Pech, Matej"]
[Result "1-0"]
[WhiteElo "1630"]
[BlackElo "1616"]
[PlyCount "31"]
[EventDate "2017.12.05"]
[EventType "tourn (corr)"]
[EventRounds "6"]
[EventCountry "GER"]
[SourceTitle "Corr 2022"]
[Source "ChessBase"]
[SourceDate "2021.10.24"]
[SourceVersion "1"]
[SourceVersionDate "2021.10.24"]
[SourceQuality "1"]

1. d4 d5 2. c4 c6 3. Nc3 Nf6 4. Bg5 e6 5. c5 h6 6. Bf4 Nbd7 7. Nf3 Be7 8. e3 0-0 9. Bd3 b6 10. b4 a5 11. b5 cxb5 12. Bxb5 bxc5 13. Bxd7 Bxd7 14. dxc5 Rc8 15. Na4 Ne4 16. 0-0 1-0

[Event "SD-2018-0-00287"]
[Site "LSS email"]
[Date "2018.04.01"]
[Round "?"]
[White "Nemeth, Laszlo"]
[Black "Correa de Almeida, Claudio"]
[Result "0-1"]
[WhiteElo "1630"]
[BlackElo "1550"]
[PlyCount "84"]
[EventDate "2017.12.05"]
[EventType "tourn (corr)"]
[EventRounds "6"]
[EventCountry "GER"]
[SourceTitle "Corr 2022"]
[Source "ChessBase"]
[SourceDate "2021.10.24"]
[SourceVersion "1"]
[SourceVersionDate "2021.10.24"]
[SourceQuality "1"]

1. d4 Nf6 2. c4 e6 3. Nc3 Bb4 4. e3 0-0 5. Bd3 d5 6. Nge2 dxc4 7. Bxc4 e5 8. 0-0 Nc6 9. a3 Bd6 10. d5 Ne7 11. e4 a6 12. Qd3 Bd7 13. Be3 Ng6 14. f3 h6 15. b4 Nh5 16. g3 f5 17. exf5 Bxf5 18. Ne4 Nf6 19. N2c3 Qd7 20. Qe2 Nxe4 21. Nxe4 Qf7 22. Rad1 Rae8 23. Bb3 Kh8 24. Bd2 Ne7 25. Bc3 Bd7 26. Rf2 Nf5 27. Qd2 Qe7 28. Bc2 b6 29. Bb1 Kg8 30. Re1 Qd8 31. Nxd6 cxd6 32. f4 exf4 33. Rxf4 Rf7 34. Ref1 Ref8 35. g4 Qg5 36. Kh1 Nd4 37. Qxd4 Rxf4 38. Rxf4 Rxf4 39. Qxb6 Qxd5+ 40. Kg1 Qd1+ 41. Kg2 Qf3+ 42. Kg1 Rxg4# 0-1

[Event "SD-2018-0-00287"]
[Site "LSS email"]
[Date "2018.03.29"]
[Round "?"]
[White "Owens, Johnny"]
[Black "Nemeth, Laszlo"]
[Result "1-0"]
[WhiteElo "1515"]
[BlackElo "1630"]
[PlyCount "35"]
[EventDate "2017.12.05"]
[EventType "tourn (corr)"]
[EventRounds "6"]
[EventCountry "GER"]
[SourceTitle "Corr 2022"]
[Source "ChessBase"]
[SourceDate "2021.10.24"]
[SourceVersion "1"]
[SourceVersionDate "2021.10.24"]
[SourceQuality "1"]

1. d4 g6 2. Bf4 Bg7 3. e3 Nf6 4. Nd2 0-0 5. c3 d6 6. Ngf3 Nbd7 7. Be2 b6 8. Bg3 Bb7 9. 0-0 Re8 10. a4 a6 11. b4 c5 12. Qb3 Bd5 13. Qb1 c4 14. e4 Bb7 15. Bxc4 Qc7 16. e5 dxe5 17. dxe5 Ng4 18. e6 1-0

[Event "OP-2018-0-04533"]
[Site "LSS email"]
[Date "2018.02.23"]
[Round "?"]
[White "Nemeth, Laszlo"]
[Black "Ploscaru, Stelian"]
[Result "1/2-1/2"]
[WhiteElo "1677"]
[BlackElo "2189"]
[PlyCount "72"]
[EventDate "2018.02.11"]
[EventType "tourn (corr)"]
[EventRounds "4"]
[EventCountry "GER"]
[SourceTitle "Corr 2022"]
[Source "ChessBase"]
[SourceDate "2021.10.24"]
[SourceVersion "1"]
[SourceVersionDate "2021.10.24"]
[SourceQuality "1"]

1. d4 d5 2. c4 c6 3. c5 e5 4. e3 exd4 5. exd4 b6 6. cxb6 axb6 7. Nf3 Nf6 8. Bd3 Bb4+ 9. Bd2 Qe7+ 10. Qe2 0-0 11. 0-0 Qxe2 12. Bxe2 Bd6 13. Nc3 Na6 14. a3 Nc7 15. Bg5 Ne6 16. Bxf6 gxf6 17. Rfe1 b5 18. Bd3 Bd7 19. Bf5 b4 20. axb4 Bxb4 21. Red1 Rfb8 22. Ne2 Be8 23. Rxa8 Rxa8 24. g3 Ng7 25. Bg4 Kf8 26. Bh3 Ke7 27. Rd3 Kd6 28. Kg2 Ne6 29. Nh4 Rb8 30. Nf5+ Kc7 31. Bg4 Bd7 32. Ne3 Bc8 33. h4 Ba6 34. Rd1 Bf8 35. Rd2 Rb4 36. Nf5 Bc8 1/2-1/2

[Event "RD-2018-0-00143"]
[Site "LSS email"]
[Date "2018.01.12"]
[Round "?"]
[White "Nemeth, Laszlo"]
[Black "Laczay, Istvan"]
[Result "1/2-1/2"]
[WhiteElo "1268"]
[BlackElo "1678"]
[PlyCount "42"]
[EventDate "2017.04.14"]
[EventType "tourn (corr)"]
[EventRounds "6"]
[EventCountry "GER"]
[SourceTitle "Corr 2022"]
[Source "ChessBase"]
[SourceDate "2021.10.24"]
[SourceVersion "1"]
[SourceVersionDate "2021.10.24"]
[SourceQuality "1"]

1. d4 Nf6 2. c4 g6 3. Nc3 d5 4. cxd5 Nxd5 5. e4 Nxc3 6. bxc3 c5 7. Bc4 Nc6 8. Ne2 Bg7 9. Be3 0-0 10. 0-0 Na5 11. Bd3 b6 12. Rb1 cxd4 13. cxd4 Bb7 14. Qa4 e6 15. Rfc1 Rc8 16. Rxc8 Qxc8 17. f3 Bc6 18. Bb5 Bxb5 19. Qxb5 Qc4 20. a4 a6 21. Qxc4 Nxc4 1/2-1/2

[Event "RD-2018-0-00143"]
[Site "LSS email"]
[Date "2018.01.12"]
[Round "?"]
[White "Trzebiatowski, Krzysztof"]
[Black "Nemeth, Laszlo"]
[Result "1/2-1/2"]
[WhiteElo "2061"]
[BlackElo "1268"]
[PlyCount "92"]
[EventDate "2017.04.14"]
[EventType "tourn (corr)"]
[EventRounds "6"]
[EventCountry "GER"]
[SourceTitle "Corr 2022"]
[Source "ChessBase"]
[SourceDate "2021.10.24"]
[SourceVersion "1"]
[SourceVersionDate "2021.10.24"]
[SourceQuality "1"]

1. e4 c5 2. Nf3 Nc6 3. Bb5 g6 4. Bxc6 dxc6 5. d3 Bg4 6. Nbd2 Bg7 7. h3 Bxf3 8. Nxf3 Nf6 9. Be3 Nd7 10. 0-0 Qc7 11. c3 0-0 12. Qc2 e5 13. Rfd1 Rfd8 14. Rd2 b6 15. Rad1 a5 16. g3 Re8 17. d4 cxd4 18. cxd4 exd4 19. Nxd4 Nc5 20. Nf3 Qe7 21. Bxc5 bxc5 22. Kg2 Qxe4 23. Qxc5 Bf8 24. Qc2 a4 25. Qxe4 Rxe4 26. Rd8 Rxd8 27. Rxd8 Kg7 28. Rd4 Re2 29. Rd2 Rxd2 30. Nxd2 Be7 31. f4 Kf6 32. Kf3 Ke6 33. Ne4 f5 34. Nc3 a3 35. bxa3 Bxa3 36. Nd1 Kd6 37. g4 Bc1 38. gxf5 gxf5 39. Ne3 Bxe3 40. Kxe3 Kc5 41. Kd3 Kb4 42. h4 c5 43. h5 h6 44. Kc2 Kc4 45. Kd2 Kd4 46. Kc2 Kc4 1/2-1/2

[Event "SC-2017-0-00340"]
[Site "LSS email"]
[Date "2017.12.22"]
[Round "?"]
[White "Obukhov, Gennady Nikolaevich"]
[Black "Nemeth, Laszlo"]
[Result "1/2-1/2"]
[WhiteElo "1819"]
[BlackElo "1607"]
[PlyCount "53"]
[EventDate "2017.11.03"]
[EventType "tourn (corr)"]
[EventRounds "6"]
[EventCountry "GER"]
[SourceTitle "Corr 2022"]
[Source "ChessBase"]
[SourceDate "2021.10.24"]
[SourceVersion "1"]
[SourceVersionDate "2021.10.24"]
[SourceQuality "1"]

1. d4 g6 2. e4 Bg7 3. c4 d6 4. Nc3 Nf6 5. h3 0-0 6. Nf3 c5 7. d5 e6 8. Bd3 exd5 9. cxd5 b5 10. Nxb5 Re8 11. Nd2 Nxd5 12. Nc4 Nb4 13. 0-0 Nxd3 14. Qxd3 Ba6 15. Ncxd6 Re6 16. Qd5 Nc6 17. Bg5 Qb8 18. Qxc5 Bxb5 19. Nxb5 Bf8 20. Qc4 Na5 21. Qa4 Re5 22. Nc7 Qxc7 23. Bf4 Nb7 24. b3 Qe7 25. Bxe5 Qxe5 26. Qc6 Rb8 27. Rad1 1/2-1/2

[Event "SC-2017-0-00340"]
[Site "LSS email"]
[Date "2017.12.21"]
[Round "?"]
[White "Peraza Balleste, Orlando"]
[Black "Nemeth, Laszlo"]
[Result "1-0"]
[WhiteElo "1695"]
[BlackElo "1607"]
[PlyCount "159"]
[EventDate "2017.11.03"]
[EventType "tourn (corr)"]
[EventRounds "6"]
[EventCountry "GER"]
[SourceTitle "Corr 2022"]
[Source "ChessBase"]
[SourceDate "2021.10.24"]
[SourceVersion "1"]
[SourceVersionDate "2021.10.24"]
[SourceQuality "1"]

1. e4 c5 2. Nf3 Nc6 3. d4 cxd4 4. Nxd4 Nf6 5. Nc3 e5 6. Ndb5 d6 7. Bg5 a6 8. Na3 b5 9. Bxf6 gxf6 10. Nd5 f5 11. Bd3 Be6 12. c3 Bg7 13. Nc2 Bxd5 14. exd5 Ne7 15. 0-0 0-0 16. Qh5 e4 17. Be2 Re8 18. g3 Nxd5 19. Qxf5 Re5 20. Qh3 Qb6 21. Rfd1 Ne7 22. Rd4 Rb8 23. a4 bxa4 24. Rb4 Qc7 25. Raxa4 a5 26. Rxb8+ Qxb8 27. b4 axb4 28. cxb4 Nd5 29. Bf1 Re8 30. b5 Nc3 31. Ra5 Qc8 32. Qxc8 Rxc8 33. Nb4 h5 34. Nc6 Bf8 35. Ra3 Nd5 36. Ra7 e3 37. fxe3 Nxe3 38. Be2 Ng4 39. Bxg4 hxg4 40. Ra4 f5 41. Rf4 d5 42. Rxf5 Bc5+ 43. Kf1 Kh7 44. Rxd5 Rf8+ 45. Ke2 Bg1 46. Rh5+ Kg6 47. Rh4 Kg5 48. Kd3 Rf5 49. Kc4 Rc5+ 50. Kb4 Rc2 51. h3 gxh3 52. Rxh3 Rb2+ 53. Kc4 Rc2+ 54. Kb3 Rc5 55. Kb4 Rc1 56. Rh8 Rb1+ 57. Ka4 Ra1+ 58. Kb3 Rb1+ 59. Kc4 Rc1+ 60. Kd3 Rd1+ 61. Ke4 Re1+ 62. Kd5 Rd1+ 63. Ke6 Re1+ 64. Ne5 Bd4 65. Rg8+ Kh6 66. Rg6+ Kh5 67. g4+ Kh4 68. Rh6+ Kg3 69. Rh5 Rb1 70. Nd7 Kxg4 71. Rf5 Kg3 72. Nf6 Kh3 73. Ne4 Kg4 74. Nf6+ Kg3 75. Ke7 Kg2 76. Nd7 Re1+ 77. Kd6 Rd1 78. Nc5 Be3+ 79. Kc6 Rc1 80. b6 1-0

[Event "SD-2017-0-00283"]
[Site "LSS email"]
[Date "2017.12.06"]
[Round "?"]
[White "Sofia, Gerardo"]
[Black "Nemeth, Laszlo"]
[Result "1/2-1/2"]
[WhiteElo "1475"]
[BlackElo "1479"]
[PlyCount "147"]
[EventDate "2017.08.31"]
[EventType "tourn (corr)"]
[EventRounds "6"]
[EventCountry "GER"]
[SourceTitle "Corr 2022"]
[Source "ChessBase"]
[SourceDate "2021.10.24"]
[SourceVersion "1"]
[SourceVersionDate "2021.10.24"]
[SourceQuality "1"]

1. e4 c5 2. Nf3 Nc6 3. d4 cxd4 4. Nxd4 Nf6 5. Nc3 e5 6. Nf3 Bb4 7. Bc4 Nxe4 8. 0-0 Nxc3 9. bxc3 Bxc3 10. Ng5 d5 11. Bxd5 Be6 12. Bxe6 Qxd1 13. Bxf7+ Ke7 14. Ba3+ Qd6 15. Bxd6+ Kxd6 16. Rab1 Rab8 17. Rfd1+ Ke7 18. Rd3 Ba5 19. Bc4 h6 20. Ne6 b5 21. Bb3 Nd4 22. Nxd4 exd4 23. Rxd4 Rhf8 24. c4 bxc4 25. Rxc4 Rf6 26. g3 Bb6 27. Rb2 Kf8 28. Kg2 g6 29. h4 h5 30. Re2 Re8 31. Rd2 Kg7 32. Rcc2 Kh6 33. Ba4 Rd8 34. Re2 Rd5 35. Bb3 Rd3 36. Bc4 Rd4 37. Bb5 Rfd6 38. a4 Kg7 39. f3 Rd1 40. f4 Rg1+ 41. Kh2 Rgd1 42. Bc6 R1d3 43. Kg2 Ra3 44. Re7+ Kf6 45. Re5 Kg7 46. Bb5 a6 47. Bxa6 Rxa4 48. Be2 Rad4 49. Kh3 Rd2 50. Rxd2 Rxd2 51. Bxh5 gxh5 52. Rxh5 Rd3 53. Rb5 Be3 54. Kg2 Kh6 55. Rf5 Rd4 56. Kf3 Rd3 57. Ke4 Rb3 58. g4 Bd2 59. Rh5+ Kg7 60. f5 Re3+ 61. Kd4 Rf3 62. Kd5 Rd3+ 63. Ke5 Re3+ 64. Kd6 Bb4+ 65. Kd5 Ra3 66. Rg5+ Kf7 67. Rg6 Be7 68. h5 Ra5+ 69. Kc4 Ra8 70. Kd3 Ra3+ 71. Kc2 Rg3 72. h6 Rh3 73. Kd1 Rh2 74. Ke1 1/2-1/2

[Event "CP-2017-P-00038"]
[Site "LSS email"]
[Date "2017.09.27"]
[Round "?"]
[White "Nemeth, Laszlo"]
[Black "Lauer, Frederic"]
[Result "1-0"]
[WhiteElo "1530"]
[BlackElo "1121"]
[PlyCount "33"]
[EventDate "2017.10.01"]
[EventType "tourn (corr)"]
[EventRounds "6"]
[EventCountry "GER"]
[SourceTitle "Corr 2022"]
[Source "ChessBase"]
[SourceDate "2021.10.24"]
[SourceVersion "1"]
[SourceVersionDate "2021.10.24"]
[SourceQuality "1"]

1. d4 d5 2. c4 dxc4 3. e4 c5 4. d5 e6 5. Nc3 exd5 6. Nxd5 Nf6 7. Bxc4 Nxd5 8. Bxd5 Bd6 9. Qh5 0-0 10. Nf3 Qe7 11. Bg5 Qe8 12. 0-0 Nd7 13. Rfe1 Ne5 14. Nxe5 Qxe5 15. Rad1 Qxb2 16. e5 Bxe5 17. Be7 1-0

[Event "CP-2017-P-00038"]
[Site "LSS email"]
[Date "2017.09.27"]
[Round "?"]
[White "Nemeth, Laszlo"]
[Black "Mueller Toepler, Michael"]
[Result "1-0"]
[WhiteElo "1530"]
[BlackElo "1677"]
[PlyCount "83"]
[EventDate "2017.10.01"]
[EventType "tourn (corr)"]
[EventRounds "6"]
[EventCountry "GER"]
[SourceTitle "Corr 2022"]
[Source "ChessBase"]
[SourceDate "2021.10.24"]
[SourceVersion "1"]
[SourceVersionDate "2021.10.24"]
[SourceQuality "1"]

1. d4 d5 2. c4 dxc4 3. e4 b5 4. a4 c6 5. axb5 cxb5 6. Nc3 Bd7 7. Nf3 e6 8. Be2 Bb4 9. 0-0 a5 10. Bg5 f6 11. Be3 a4 12. Na2 Qe7 13. e5 Bc6 14. d5 Bxd5 15. Nd4 Bc5 16. Nc3 Bxd4 17. Bxd4 Nd7 18. Re1 fxe5 19. Nxd5 Qd6 20. Nb6 Rd8 21. Nxd7 Qxd4 22. Nxe5 Qxd1 23. Bxd1 Rd6 24. Bf3 Ne7 25. Rad1 Rxd1 26. Rxd1 0-0 27. Rd6 Nf5 28. Rd7 Nh6 29. Bc6 g5 30. Rb7 Nf5 31. g4 Nd6 32. Rd7 Nc8 33. Bxb5 Nb6 34. Rb7 Nd5 35. Bxa4 Nf4 36. f3 Nd3 37. Nxd3 cxd3 38. Kf2 Rf4 39. Bb3 Rf6 40. Bc4 d2 41. Rd7 Rh6 42. Kg3 1-0

[Event "RE-2017-0-00192"]
[Site "LSS email"]
[Date "2017.09.15"]
[Round "?"]
[White "Nemeth, Laszlo"]
[Black "Trzebiatowski, Krzysztof"]
[Result "0-1"]
[WhiteElo "1345"]
[BlackElo "2061"]
[PlyCount "120"]
[EventDate "2017.05.28"]
[EventType "tourn (corr)"]
[EventRounds "6"]
[EventCountry "GER"]
[SourceTitle "Corr 2022"]
[Source "ChessBase"]
[SourceDate "2021.10.24"]
[SourceVersion "1"]
[SourceVersionDate "2021.10.24"]
[SourceQuality "1"]

1. d4 d5 2. c4 c6 3. Nc3 Nf6 4. Nf3 a6 5. a4 e6 6. g3 Bb4 7. Bg2 0-0 8. 0-0 Nbd7 9. Qb3 a5 10. Rd1 h6 11. Nd2 Qe7 12. Na2 Bd6 13. Nc3 Re8 14. f4 Bc7 15. Qc2 Nb8 16. b3 Na6 17. Ba3 Nb4 18. Qc1 Rd8 19. e3 b6 20. e4 Nxe4 21. Ncxe4 dxe4 22. Nxe4 Bb7 23. Qc3 Rd7 24. Nf2 Rad8 25. Rd2 Bd6 26. Bb2 Qf8 27. Rad1 Bb8 28. Qe3 b5 29. axb5 cxb5 30. Ne4 Ba7 31. Ra1 bxc4 32. bxc4 Rxd4 33. Bxd4 Rxd4 34. Kh1 Nc2 35. Rxc2 Rd1+ 36. Rxd1 Bxe3 37. c5 Bc6 38. Rc3 f5 39. Nf6+ Qxf6 40. Rxe3 Bxg2+ 41. Kxg2 Qb2+ 42. Kh3 Kf7 43. Rde1 Qa2 44. c6 g5 45. fxg5 hxg5 46. c7 Qc2 47. Rxe6 Qxc7 48. R1e5 Qc4 49. Re7+ Kf6 50. Re1 Qc6 51. Re8 a4 52. Rf8+ Kg6 53. Ree8 Qc4 54. Rg8+ Kh6 55. Rh8+ Kg7 56. Kg2 a3 57. Ra8 a2 58. Rhc8 Qxc8 59. Rxa2 f4 60. gxf4 gxf4 0-1

[Event "RD-2017-0-00141"]
[Site "LSS email"]
[Date "2017.09.13"]
[Round "?"]
[White "Nemeth, Laszlo"]
[Black "Hurd, David"]
[Result "1/2-1/2"]
[WhiteElo "1268"]
[BlackElo "1656"]
[PlyCount "71"]
[EventDate "2017.01.29"]
[EventType "tourn (corr)"]
[EventRounds "6"]
[EventCountry "GER"]
[SourceTitle "Corr 2022"]
[Source "ChessBase"]
[SourceDate "2021.10.24"]
[SourceVersion "1"]
[SourceVersionDate "2021.10.24"]
[SourceQuality "1"]

1. d4 Nf6 2. c4 e6 3. Nc3 d5 4. Bg5 c6 5. e3 Nbd7 6. Bd3 Qa5 7. Bh4 dxc4 8. Bxc4 b5 9. Bd3 b4 10. Nce2 c5 11. Nf3 Bb7 12. 0-0 Be7 13. a3 0-0 14. Ne5 Qd8 15. Nxd7 Qxd7 16. axb4 cxb4 17. b3 a5 18. Qb1 h6 19. Rc1 Rfc8 20. Rxc8+ Qxc8 21. f3 Qd7 22. Qc2 Bc6 23. e4 a4 24. bxa4 Rxa4 25. Rc1 Ra3 26. Qxc6 Qxc6 27. Rxc6 Rxd3 28. Be1 b3 29. Rb6 Ne8 30. Bc3 Bg5 31. Kf2 Be3+ 32. Ke1 e5 33. Rb8 exd4 34. Rxe8+ Kh7 35. Bb2 Bd2+ 36. Kf2 1/2-1/2